| 000 | 00678nam a2200205 4500 | ||
|---|---|---|---|
| 003 | OSt | ||
| 005 | 20221116152525.0 | ||
| 008 | 221111b |||||||| |||| 00| 0 eng d | ||
| 040 | _cBiblioteca Lado V | ||
| 082 |
_a708 _bS159b |
||
| 110 |
_9433 _aBelo Horizonte _eautor |
||
| 245 | _aBolsa Pampulha 2003 - 2004/ | ||
| 260 |
_c2004 _aBrasil _bMuseo de Arte da Pampulha |
||
| 300 |
_a188p. _c21x21cm |
||
| 650 |
_2Tesauro de Arte & Arquitectura _aARTE |
||
| 650 |
_2Tesauro de Arte & Arquitectura _aMUSEO |
||
| 650 |
_2Tesauro de Arte & Arquitectura _aARTE BRASILEÑO |
||
| 650 |
_2Tesauro de Arte & Arquitectura _aCULTURA |
||
| 942 |
_2ddc _c1 _h708 _iS159b _n0 |
||
| 999 |
_c2648 _d2648 |
||